000
00297 a2200145 4500
001
174079
020
_a
040
_c
Magnum
100
_a
Pichon-Riviere, Enrique
240
1
0
_a
O processo grupal
_l
por
245
1
0
_a
O processo grupal
362
0
_a
1899
697
_a
PSICOLOGIA
942
_c
BK
999
_c
174079
_d
174079